|
|
|
|
| LEADER |
00000cam a2200000 cc4500 |
| 001 |
1075422523 |
| 003 |
DE-627 |
| 005 |
20251224215324.0 |
| 007 |
tu |
| 008 |
850101s1974 xx ||||| 00| ||ger c |
| 020 |
|
|
|a 378612213X
|9 3-7861-2213-X
|
| 035 |
|
|
|a (DE-627)1075422523
|
| 035 |
|
|
|a (DE-576)005422523
|
| 035 |
|
|
|a (DE-599)BSZ005422523
|
| 040 |
|
|
|a DE-627
|b ger
|c DE-627
|e rakwb
|
| 041 |
|
|
|a ger
|
| 082 |
0 |
|
|a 939
|
| 084 |
|
|
|a 6,22
|a 6,14
|2 ssgn
|
| 084 |
|
|
|a EW 300
|2 rvk
|0 (DE-625)rvk/29033:
|
| 100 |
1 |
|
|0 (DE-588)118738690
|0 (DE-627)079519326
|0 (DE-576)209382082
|4 aut
|a Otten, Heinrich
|d 1913-2012
|
| 109 |
|
|
|a Otten, Heinrich 1913-2012
|
| 191 |
|
|
|a 1
|
| 245 |
1 |
0 |
|a Keilschrifttexte aus Boghazköi / Akademie der Wissenschaften und der Literatur, Kommission für den Alten Orient
|n 22
|p Aus dem Bezirk des Grossen Tempels / von Heinrich Otten und Christel Rüster
|c Akademie der Wissenschaften und der Literatur, Kommission für den Alten Orient
|
| 264 |
|
1 |
|a Berlin
|b Mann
|c 1974
|
| 300 |
|
|
|a XIV S., 50 Bl.
|b zahlr. Ill.
|
| 336 |
|
|
|a Text
|b txt
|2 rdacontent
|
| 337 |
|
|
|a ohne Hilfsmittel zu benutzen
|b n
|2 rdamedia
|
| 338 |
|
|
|a Band
|b nc
|2 rdacarrier
|
| 490 |
1 |
|
|a Wissenschaftliche Veröffentlichungen der Deutschen Orient-Gesellschaft
|v 90
|
| 583 |
1 |
|
|a Archivierung/Langzeitarchivierung gewährleistet
|f SSG
|x XA-DE-BW
|2 pdager
|5 DE-21
|
| 583 |
1 |
|
|a Archivierung/Langzeitarchivierung gewährleistet
|f SSG
|x XA-DE-BW
|2 pdager
|5 DE-16
|
| 601 |
|
|
|a Keilschrifttext
|
| 601 |
|
|
|a Akademie
|
| 601 |
|
|
|a Wissenschaft
|
| 601 |
|
|
|a Literatur
|
| 601 |
|
|
|a Ott, Heinrich
|
| 700 |
1 |
|
|0 (DE-588)1082541044
|0 (DE-627)847629252
|0 (DE-576)162816006
|4 aut
|a Rüster, Christel
|
| 773 |
1 |
8 |
|a Keilschrifttexte aus Boghazköi
|w (DE-627)166222704
|w (DE-576)014552507
|w (DE-600)130809-9
|g 22
|q 22
|7 nnas
|
| 810 |
2 |
|
|a Deutsche Orient-Gesellschaft
|t Wissenschaftliche Veröffentlichungen der Deutschen Orient-Gesellschaft
|v 90
|9 90
|w (DE-627)130170941
|w (DE-576)015715426
|w (DE-600)520735-6
|x 0342-4464
|7 am
|
| 936 |
r |
v |
|a EW 300
|b Allgemeines
|k Allgemeine und vergleichende Sprach- und Literaturwissenschaft. Indogermanistik. Außereuropäische Sprachen und Literaturen
|k Übrige indogermanische Sprachen Asiens
|k Sprachen Anatoliens
|k Indogermanische Sprachen (Hethito-Luwisch)
|k Allgemeines
|0 (DE-627)127141340X
|0 (DE-625)rvk/29033:
|0 (DE-576)20141340X
|
| 951 |
|
|
|a MV
|
| BIB |
|
|
|a 1
|
| ELC |
|
|
|b 1
|
| ITA |
|
|
|a 1
|t 1
|
| LOK |
|
|
|0 000 xxxxxcx a22 zn 4500
|
| LOK |
|
|
|0 001 2041414448
|
| LOK |
|
|
|0 003 DE-627
|
| LOK |
|
|
|0 004 1075422523
|
| LOK |
|
|
|0 005 20111019115012
|
| LOK |
|
|
|0 008 970127||||||||||||||||ger|||||||
|
| LOK |
|
|
|0 040
|a DE-21
|c DE-627
|d DE-21
|
| LOK |
|
|
|0 852
|a DE-21
|
| LOK |
|
|
|0 852 1
|c Ci I 24.2-90
|9 00
|
| LOK |
|
|
|0 935
|a alto
|
| LOK |
|
|
|0 936ln
|a t17.2
|
| LOK |
|
|
|0 939
|a 27-01-97
|b l01
|
| LOK |
|
|
|0 000 xxxxxcx a22 zn 4500
|
| LOK |
|
|
|0 001 2510798677
|
| LOK |
|
|
|0 003 DE-627
|
| LOK |
|
|
|0 004 1075422523
|
| LOK |
|
|
|0 005 20120102160338
|
| LOK |
|
|
|0 008 060626||||||||||||||||ger|||||||
|
| LOK |
|
|
|0 040
|a DE-21-11
|c DE-627
|d DE-21-11
|
| LOK |
|
|
|0 541
|e A74-047
|
| LOK |
|
|
|0 852
|a DE-21-11
|
| LOK |
|
|
|0 852 1
|c AOR C KBo 22
|m p
|9 00
|
| LOK |
|
|
|0 935
|a k011
|a i011
|a kneu
|a aori
|
| LOK |
|
|
|0 938
|k p
|
| LOK |
|
|
|0 939
|a 26-06-06
|b l01
|
| ORI |
|
|
|a SA-MARC-ixtheoa001.raw
|
| REL |
|
|
|a 1
|
| SUB |
|
|
|a BIB
|a REL
|